Anomálie vyskytujúce sa pri ohodnotení ochranných známok

Charakteristika ochrannej známky. Predmety práv duševného vlastníctva. Príklady nehmotných aktív podľa IFRS 3. Metódy ohodnotenia ochrannej známky. Anomálie vyskytujúce sa pri ohodnotení ochrannej známky. Príklad ochrannej známky Figaro.

Salvato in:
Dettagli Bibliografici
Autore principale: Jakubec, Miroslav
Natura: Capitolo di libro
Lingua:slovacco
Soggetti:
Tags: Aggiungi Tag
Nessun Tag, puoi essere il primo ad aggiungerne!!

MARC

LEADER 00000nla a2200000 4500
001 0214400
005 20240527082710.8
041 0 |a slo 
044 |a SK 
245 1 0 |a Anomálie vyskytujúce sa pri ohodnotení ochranných známok  |c Miroslav Jakubec 
520 |a Charakteristika ochrannej známky. Predmety práv duševného vlastníctva. Príklady nehmotných aktív podľa IFRS 3. Metódy ohodnotenia ochrannej známky. Anomálie vyskytujúce sa pri ohodnotení ochrannej známky. Príklad ochrannej známky Figaro. 
610 2 0 |a známky ochranné 
610 2 0 |a vlastníctvo duševné 
610 2 0 |a právo priemyselné 
610 2 0 |a právo autorské 
610 2 0 |a aktíva nehmotné 
610 2 0 |a ohodnocovanie 
610 2 0 |a legislatíva 
100 1 |a Jakubec, Miroslav